Loading...
| Literature - American Literature | 0 | 9 | 0 | 0 | 90 | 19 | 62.44 | 7 | 9 |
| Philosophy | 0 | 9 | 1 | 0 | 85 | 17 | 66.00 | 7 | 7 |
| History - American History | 0 | 9 | 2 | 0 | 80 | 53 | 74.67 | 3 | 7 |
| Social Science | 0 | 8 | 0 | 0 | 80 | 49 | 79.00 | 3 | 5 |
| History - European History | 0 | 8 | 1 | 1 | 75 | 27 | 70.13 | 4 | 7 |
| Fine Arts - Painting & Sculpture | 0 | 7 | 0 | 0 | 70 | 57 | 86.29 | 4 | 7 |
| Literature - European Literature | 0 | 7 | 0 | 0 | 70 | 48 | 72.71 | 4 | 7 |
| Fine Arts - Classical Music | 0 | 6 | 0 | 0 | 60 | 64 | 101.17 | 1 | 6 |
| Literature - British Literature | 0 | 7 | 2 | 0 | 60 | 65 | 94.29 | 5 | 5 |
| Literature - World Literature | 0 | 5 | 1 | 0 | 45 | 62 | 77.40 | 4 | 5 |
| Fine Arts - Other Fine Arts | 0 | 5 | 1 | 0 | 45 | 53 | 70.20 | 4 | 5 |
| Other | 0 | 4 | 0 | 1 | 40 | 73 | 86.00 | 0 | 1 |
| History - World History | 0 | 5 | 2 | 0 | 40 | 54 | 78.60 | 5 | 5 |
| Mythology | 0 | 4 | 0 | 0 | 40 | 91 | 102.50 | 0 | 2 |
| Science - Chemistry | 0 | 4 | 0 | 0 | 40 | 85 | 94.00 | 0 | 2 |
| Science - Other Science | 0 | 3 | 0 | 0 | 30 | 89 | 98.33 | 0 | 2 |
| Religion | 0 | 4 | 2 | 0 | 30 | 58 | 85.75 | 0 | 3 |
| Science - Biology | 0 | 2 | 0 | 0 | 20 | 120 | 121.00 | 0 | 1 |
| History - Other History | 0 | 3 | 2 | 0 | 20 | 107 | 119.00 | 0 | 1 |
| Science - Physics | 0 | 2 | 2 | 0 | 10 | 58 | 59.00 | 1 | 2 |